Singularidad en la poesía de Manuel Ruiz Amezcua / (Registro nro. 197948)

Detalles MARC
000 -LEADER
campo de control de longitud fija 01575nam a22003977a 4500
001 - NÚMERO DE CONTROL
campo de control 197948
003 - IDENTIFICADOR DE NÚMERO DE CONTROL
campo de control ES-MaACL
005 - FECHA Y HORA DE LA ÚLTIMA TRANSACCIÓN
campo de control 20260609183842.0
007 - CAMPO FIJO DE DESCRIPCIÓN FÍSICA--INFORMACIÓN GENERAL
campo de control de longitud fija ta
008 - DATOS DE LONGITUD FIJA--INFORMACIÓN GENERAL
campo de control de longitud fija 251111s2016 sp ||||| |||| 001 0 spa d
017 ## - NÚMERO DE COPYRIGHT O DE DEPÓSITO LEGAL
Número de copyright o de depósito legal GR 18-2016
Agencia que asigna Oficina Depósito Legal Granada
020 ## - NÚMERO INTERNACIONAL ESTÁNDAR DEL LIBRO
Número Internacional Estándar del Libro 978-84-9045-383-4
040 ## - FUENTE DE CATALOGACIÓN
Centro catalogador/agencia de origen ES-MaACL
Lengua de catalogación spa
Centro/agencia transcriptor ES-MaACL
Normas de descripción rda
080 ## - NÚMERO DE LA CLASIFICACIÓN DECIMAL UNIVERSAL
Número de la Clasificación Decimal Universal 821.134.2 Ruiz Amezcua, Manuel 1.07
080 ## - NÚMERO DE LA CLASIFICACIÓN DECIMAL UNIVERSAL
Número de la Clasificación Decimal Universal 821.134.2-14"19"
130 0# - ENTRADA PRINCIPAL--TÍTULO UNIFORME
Título uniforme Singularidad en la poesía de Manuel Ruiz Amezcua
9 (RLIN) 242496
245 10 - MENCIÓN DEL TÍTULO
Título Singularidad en la poesía de Manuel Ruiz Amezcua /
Mención de responsabilidad, etc. edición prologada, revisada y aumentada por José María Balcells
250 ## - MENCION DE EDICION
Mención de edición Sexta edición corregida y aumentada
264 #1 - PRODUCCIÓN, PUBLICACIÓN, DISTRIBUCIÓN, FABRICACIÓN Y COPYRIGHT
Producción, publicación, distribución, fabricación y copyright Albolote, Granada :
Nombre del de productor, editor, distribuidor, fabricante Editorial Comares,
Fecha de producción, publicación, distribución, fabricación o copyright 2016
264 #4 - PRODUCCIÓN, PUBLICACIÓN, DISTRIBUCIÓN, FABRICACIÓN Y COPYRIGHT
Producción, publicación, distribución, fabricación y copyright ©2016
300 ## - DESCRIPCIÓN FÍSICA
Extensión 594 páginas ;
Dimensiones 24 cm
336 ## - TIPO DE CONTENIDO
Fuente rdacontent
Término de tipo de contenido Texto
337 ## - TIPO DE MEDIO
Fuente rdamedia
Nombre/término del tipo de medio sin mediación
338 ## - TIPO DE SOPORTE
Fuente rdacarrier
Nombre/término del tipo de soporte volumen
500 ## - NOTA GENERAL
Nota general Ejemplar dedicado y firmado por el autor
504 ## - NOTA DE BIBLIOGRAFÍA, ETC.
Nota de bibliografía, etc. Bibliografía: páginas [583]-594. Índice
600 14 - PUNTO DE ACCESO ADICIONAL DE MATERIA--NOMBRE DE PERSONA
9 (RLIN) 242495
Nombre de persona Ruiz Amezcua, Manuel,
Fechas asociadas al nombre 1952-
Subdivisión general Crítica e interpretación
655 #7 - TERMINO DE INDIZACIÓN--GENERO/FORMA
Fuente del término tgfbne
9 (RLIN) 176539
Datos o término principal de género/forma Poesías
700 1# - ENTRADA AGREGADA--NOMBRE PERSONAL
9 (RLIN) 24862
Nombre de persona Balcells, José María,
Fechas asociadas al nombre 1943-
Término indicativo de función/relación Editor literario
700 0# - ENTRADA AGREGADA--NOMBRE PERSONAL
9 (RLIN) 100652
Nombre de persona Ruiz Amezcua, Manuel,
Fechas asociadas al nombre 1952-
Término indicativo de función/relación Autor
852 ## - LOCALIZACIÓN
Ubicación ES-MaACL
Ubicación en estantería Depósito J
Número de control de estantería A-15901
Encuadernación Encuadernación rústica
itemnumber 206909
Donativo/Legado Donación: Manuel Ruiz Amezcua
Nota libre Dedicatoria autógrafa del autor
942 ## - ELEMENTOS DE ENTRADA SECUNDARIOS (KOHA)
Tipo de ítem Koha Libro impreso
Suprimir en OPAC No
Existencias
Estatus retirado Estado de pérdida Fuente del sistema de clasificación o colocación Estado de daño No para préstamo Biblioteca de origen Biblioteca actual Ubicación en estantería Fecha de adquisición Fuente de adquisición Total de préstamos Signatura topográfica completa Código de barras Visto por última vez Precio de reemplazo Tipo de ítem Koha Nota pública
    Clasificación decimal universal     Biblioteca del Ateneo de Madrid Biblioteca del Ateneo de Madrid Depósito 1 03/05/2016 Donación   A-15901 2025-1274 11/11/2025 11/11/2025 Libro impreso Dedicatoria autógrafa del autor